प्रेरणाप्रद निबन्ध / (Record no. 28454)

MARC details
000 -LEADER
fixed length control field 01084nam a22002777a 4500
005 - DATE AND TIME OF LATEST TRANSACTION
control field 20140822122452.0
008 - FIXED-LENGTH DATA ELEMENTS--GENERAL INFORMATION
fixed length control field 090714t xxu||||| |||| 00| e hin d
010 ## - LCCN (DPL NO)
LC control number HIN-87370 G-002733
020 ## - INTERNATIONAL STANDARD BOOK NUMBER
Terms of availability 200.00
International Standard Book Number 8190218948
035 ## - SYSTEM CONTROL NUMBER
System control number HN-59716
035 ## - SYSTEM CONTROL NUMBER
System control number G-002733
037 ## - SOURCE OF ACQUISITION
Source of stock number/acquisition DBAD / PUB
040 ## - CATALOGING SOURCE
Original cataloging agency dpl
Language of cataloging hn
082 ## - DEWEY DECIMAL CLASSIFICATION NUMBER
Classification number 808.84
100 ## - MAIN ENTRY--PERSONAL NAME
Personal name खुराना, सुमित
245 ## - TITLE STATEMENT
Title प्रेरणाप्रद निबन्ध /
Statement of responsibility, etc सुमित खुराना
246 ## - VARYING FORM OF TITLE
Remainder of title by Sumit Khurana
Title proper/short title Preranaaprada nibandha
260 ## - PUBLICATION, DISTRIBUTION, ETC. (IMPRINT)
Place of publication, distribution, etc दिल्ली
Name of publisher, distributor, etc खुराना एण्ड संस
Date of publication, distribution, etc 2005 2007
270 ## - ADDRESS
Address 94, मानक विहार
City दिल्ली
Postal code 110092
300 ## - PHYSICAL DESCRIPTION
Extent 168पृ.
Dimensions 20सेमी(सजिल्द)
650 ## - SUBJECT ADDED ENTRY--TOPICAL TERM
Topical term or geographic name as entry element हिन्दी निबंध
650 ## - SUBJECT ADDED ENTRY--TOPICAL TERM
Topical term or geographic name as entry element Hindi essays
650 ## - SUBJECT ADDED ENTRY--TOPICAL TERM
Topical term or geographic name as entry element हिन्दी भाषा
General subdivision व्याख्यान विद्या
650 ## - SUBJECT ADDED ENTRY--TOPICAL TERM
Topical term or geographic name as entry element Hindi language
General subdivision Rhetoric
942 ## - ADDED ENTRY ELEMENTS (KOHA)
Source of classification or shelving scheme Dewey Decimal Classification
Item type Hindi Books
Call number suffix खुराना
Classification part 808.84
Holdings
Withdrawn status Lost status Source of classification or shelving scheme Damaged status Not for loan Home library Current library Date acquired Source of acquisition Cost, normal purchase price Total Checkouts Full call number Barcode Date last seen Copy number Cost, replacement price Koha item type Collection code
    Dewey Decimal Classification   Not For Loan D.B.Act.Division D.B.Act.Division 20/07/2009 DBAD / PUB 200.00   808.84 खुराना HN-59716 20/07/2009 1 200.00 Hindi Books  
    Dewey Decimal Classification     Mobile Library Mobile Library 22/08/2014 Gift 200.00   808.84 खुराना G-002733 22/08/2014 1 200.00 Hindi Books Non-fiction

© Delhi Public Library
Hit Counter
free hit counter